LIBRARY & INFORMATION CENTRE, KCAET, TAVANUR

ONLINE PUBLIC ACCESS CATALOGUE (OPAC)

Gazetteer of India: Kerala State Gazetteer: Vol 1 / (Record no. 8514)

MARC details
000 -LEADER
fixed length control field 00371cam a2200133ua 4500
020 ## - INTERNATIONAL STANDARD BOOK NUMBER
ISBN 8185499
082 ## - DEWEY DECIMAL CLASSIFICATION NUMBER
Classification number 954.83
Item number RAM/GA
100 ## - MAIN ENTRY--AUTHOR NAME
Personal name Ramachandran, Adoor K K .
245 ## - TITLE STATEMENT
Title Gazetteer of India: Kerala State Gazetteer: Vol 1 /
250 ## - EDITION STATEMENT
Edition statement 1 /
260 ## - PUBLICATION, DISTRIBUTION, ETC. (IMPRINT)
Place of publication Thiruvananthapuram :
Name of publisher State Editor, Kerala Gazetters ,
Year of publication 1986.
300 ## - PHYSICAL DESCRIPTION
Number of Pages 401 ; .
942 ## - ADDED ENTRY ELEMENTS (KOHA)
Koha item type Reference
Holdings
Withdrawn status Lost status Damaged status Collection code Home library Current library Shelving location Date acquired Full call number Accession Number Koha item type
      Reference KAUAET KAUAET Reference 07/04/2012 954.83.RAM/GA 18032 Reference
free website counter